000 00399nam a2200169Ia 4500
003 LK-CoDNM
008 010623t1963 xxu||||| |||| 00| 1 sin d
040 _aLK-CoDNM
_dLK-CoDNM
_eLK-CoDNM
041 _asin
080 _a8S-119 SUM
100 _aSumanarathana Himi, Aluthwala
245 _aචාමර
246 _aChamara
260 _bK. P. Mathusena
_c1963
300 _b cm
942 _cBK
999 _c106328
_d106328